[Event "Mecklenburg VP-ch Youth"]
[Site "Malchow"]
[Date "2017.02.16"]
[Round "1.9"]
[White "Baender, Lea"]
[Black "Beck, Jules"]
[Result "0-1"]
[WhiteElo "910"]
[BlackElo "1340"]
[PlyCount "62"]
[EventDate "2017.02.08"]
[EventType "swiss"]
[EventRounds "7"]
[EventCountry "GER"]
[SourceTitle "EXT 2022"]
[Source "ChessBase"]
[SourceDate "2021.10.06"]
[SourceVersion "1"]
[SourceVersionDate "2021.10.06"]
[SourceQuality "1"]

1. e4 e6 2. d4 d5 3. Nc3 dxe4 4. Nxe4 Bd7 5. Nf3 Bc6 6. Bd3 Bxe4 7. Bxe4 c6 8. Bf4 Nf6 9. Qd3 Bd6 10. Qe3 Bxf4 11. Qxf4 0-0 12. 0-0 Nbd7 13. Rfe1 Nxe4 14. Rxe4 Nf6 15. Re3 Nd5 16. Qe5 Nxe3 17. Qxe3 Qb6 18. b3 Rac8 19. c4 c5 20. d5 exd5 21. cxd5 Rfe8 22. Qd3 Rcd8 23. Rd1 Qd6 24. Ng5 Qg6 25. Qg3 Rxd5 26. Qg4 Rxd1+ 27. Qxd1 Qxg5 28. h3 h6 29. Qd7 Re1+ 30. Kh2 Qf4+ 31. g3 Qxf2# 0-1

[Event "Mecklenburg VP-ch Youth"]
[Site "Malchow"]
[Date "2017.02.16"]
[Round "3.9"]
[White "Baender, Lea"]
[Black "Bohndorf, Tobias"]
[Result "0-1"]
[WhiteElo "910"]
[BlackElo "1445"]
[PlyCount "64"]
[EventDate "2017.02.08"]
[EventType "swiss"]
[EventRounds "7"]
[EventCountry "GER"]
[SourceTitle "EXT 2022"]
[Source "ChessBase"]
[SourceDate "2021.10.06"]
[SourceVersion "1"]
[SourceVersionDate "2021.10.06"]
[SourceQuality "1"]

1. e4 e5 2. Nf3 Nc6 3. Bc4 Nf6 4. d3 d5 5. Nc3 dxc4 6. dxc4 Qxd1+ 7. Nxd1 Nxe4 8. 0-0 Bc5 9. Be3 Bg4 10. h3 Bh5 11. Re1 0-0-0 12. g4 Bg6 13. Rc1 f6 14. a3 h5 15. g5 Bf5 16. Kh2 Bd6 17. b4 a5 18. c5 Be7 19. Rb1 fxg5 20. Rg1 g4 21. Nd2 Nxd2 22. Rb2 Nf3+ 23. Kg2 Nxg1 24. Nc3 Nxh3 25. b5 Nd4 26. c6 b6 27. Kg3 Bxa3 28. Rb1 Nxc2 29. Bc1 Bxc1 30. Rxc1 Rd3+ 31. Kh4 Rxc3 32. Rd1 g5# 0-1

[Event "Mecklenburg VP-ch Youth"]
[Site "Malchow"]
[Date "2017.02.16"]
[Round "6.9"]
[White "Stadach, Pepe"]
[Black "Baender, Lea"]
[Result "1-0"]
[WhiteElo "1220"]
[BlackElo "910"]
[PlyCount "78"]
[EventDate "2017.02.08"]
[EventType "swiss"]
[EventRounds "7"]
[EventCountry "GER"]
[SourceTitle "EXT 2022"]
[Source "ChessBase"]
[SourceDate "2021.10.06"]
[SourceVersion "1"]
[SourceVersionDate "2021.10.06"]
[SourceQuality "1"]

1. e4 e5 2. Nf3 Nc6 3. Bc4 Bc5 4. c3 Nf6 5. d4 exd4 6. cxd4 Bb4+ 7. Bd2 d5 8. exd5 Nxd5 9. Bxb4 Ndxb4 10. a3 Nd5 11. 0-0 Bg4 12. Qb3 Na5 13. Qa4+ c6 14. Bxd5 Qxd5 15. Re1+ Be6 16. Re5 Qb3 17. Qxa5 Qxb2 18. Qc3 Qb6 19. Ng5 f6 20. Rxe6+ Kd7 21. Re1 fxg5 22. Nd2 Rad8 23. Nf3 h6 24. Ne5+ Kc8 25. Nf7 Qxd4 26. Qxd4 Rxd4 27. Nxh8 b5 28. h3 a5 29. Re6 Kd7 30. Ree1 b4 31. Red1 c5 32. Rxd4+ cxd4 33. axb4 axb4 34. Kf1 Kc6 35. Ke2 Kc5 36. Kd3 b3 37. Rb1 Kb4 38. Kxd4 Ka3 39. Kc3 g4 1-0